Constitution and the parliament in India: The 25 years of the republic (Record no. 141978)

MARC details
000 -LEADER
fixed length control field 00415nam a2200145Ia 4500
008 - FIXED-LENGTH DATA ELEMENTS--GENERAL INFORMATION
fixed length control field 230917s9999||||xx |||||||||||||| ||und||
040 ## - CATALOGING SOURCE
-- 97305
Original cataloging agency VIVEKANANDA LIBRARY
041 ## - Language
-- English
082 ## - DDC NUMBER
Classification number 342.54 S14C
100 ## - MAIN ENTRY--PERSONAL NAME
Personal name Shakdher, S L, ed.
245 #0 - TITLE STATEMENT
Title Constitution and the parliament in India: The 25 years of the republic
260 ## - PUBLICATION, DISTRIBUTION, ETC. (IMPRINT)
Place of publication, distribution, etc Delhi
Name of publisher, distributor, etc National Publishing House
Date of publication, distribution, etc 1976
300 ## - PHYSICAL DESCRIPTION
Pages xlvi, 694 p.
942 ## - ADDED ENTRY ELEMENTS (KOHA)
Koha item type Books
Holdings
Withdrawn status Lost status Damaged status Not for loan Location (home branch) Sublocation or collection (holding branch) Date acquired Koha issues (times borrowed) Koha full call number Accession No. Koha date last seen Koha item type
        VIVEKANANDA LIBRARY VIVEKANANDA LIBRARY 04/09/2003   342.54 S14C 24997 17/09/2023 Books
© Designed and Maintained by Vivekananda Library, MDU Rohtak